Hauptstädte der Regionen #2 - Statistiken

Allgemein
  • Dieses Quiz wurde 182 mal gespielt
  • Das Durchschnittsergebnis liegt bei 7 aus 15
Antwortstatistiken
Region Hauptstadt % Korrekt
Nordrhein-Westfalen Düsseldorf
96%
Schottland Edinburgh
94%
Queensland Brisbane
60%
Lombardy Mailand
57%
New York Albany
56%
Sardinien Cagliari
55%
Hokkaido Sapporo
45%
Französisch-Guayana Cayenne
44%
Puerto Rico San Juan
41%
Tschetschenien Grosny
40%
Manitoba Winnipeg
29%
Westkap Kapstadt
28%
Normandie Rouen
22%
Yukon Whitehorse
17%
Tamil Nadu Chennai
16%
Keine übereinstimmenden Quizze gefunden
Verteilung der Resultate
Anzahl Personen mit jedem Resultat
Perzentil nach korrekt beantworteten Fragen
Ihre Resultats-Entwicklung
Sie haben dieses Quiz noch nicht gespielt